Longest Roman Numerals Under 100 - Statistics

General Stats
  • This quiz has been taken 332 times
  • The average score is 8 of 17
Answer Stats
length # % Correct
6 LXXXVI
82%
7 LXXXVII
74%
8 LXXXVIII
72%
6 XXXVII
70%
7 XXXVIII
63%
6 LXXVII
56%
7 LXXVIII
49%
6 XLVIII
47%
6 LXXXII
45%
6 LXVIII
42%
7 LXXXIII
39%
6 LXXXIV
38%
6 XXVIII
37%
6 XCVIII
35%
6 LXXXIX
31%
6 XXXIII
28%
6 LXXIII
20%
No matching quizzes found
Score Distribution
Percent of People with Each Score
Percentile by Number Answered
Your Score History
You have not taken this quiz